| 000 | 00770nam a22001937a 4500 | ||
|---|---|---|---|
| 005 | 20210325185448.0 | ||
| 008 | s2545 th tha d | ||
| 020 | _a9742720967 | ||
| 041 | _atha | ||
| 090 | _aอ AG660.T5E ด484พ 2545 | ||
| 245 | 1 | 0 | _aพจนานุกรมไทย-อังกฤษ ฉบับปรับปรุงใหม่ [15th] |
| 260 | 3 |
_aกรุงเทพฯ : _bอมรินทร์พริ้นติ้ง แอนด์พับลิชชิ่ง, _c2545 |
|
| 300 |
_a725 หน้า ; _b 22 ซม. |
||
| 650 | 0 | 4 | _aภาษาไทย -- พจนานุกรม -- ภาษาอังกฤษ |
| 850 | _aNALT | ||
| 942 | _cREF | ||
| 997 | _c000000000023023 | ||
| 998 | _aBENJALUCK | ||
| 999 |
_c23023 _d23023 |
||